000 00805nam a2200181Ia 4500
003 GCL
008 140319s9999 xx 000 0 ara d
020 _a3337227977
040 _aGCL /
_cGCL
082 0 4 _a346.64
_bا ب
100 1 _aامجد خليل الجباس
245 1 0 _aالبرلمان والجمعيات الاهلية :
_bدراسة حالة لمشروعى قانونى الجمعيات الاهلية رقم 153 لسنة 1999 و 84 لسنة 2002 /
_cامجد خليل الجباس
260 _aالقاهرة :
_bمركز الدراسات السياسية والاستراتيجية - الأهرام ،
_c2005
300 _a299 ص ؛
_c24 سم
650 0 4 _aالجمعيات الاهلية
650 0 4 _aالجمعيات الاهلية - قوانين وتشريعات
942 _2ddc
_cBK
999 _c8145
_d8145